Socio-Economic History of Bangladesh: (Record no. 17584)

MARC details
000 -LEADER
fixed length control field 00683nam a22002057a 4500
003 - CONTROL NUMBER IDENTIFIER
control field BDDh-ASL
005 - DATE AND TIME OF LATEST TRANSACTION
control field 20231015025608.0
008 - FIXED-LENGTH DATA ELEMENTS--GENERAL INFORMATION
fixed length control field 170611s2004 b ||||| |||| 00| 0 eng d
020 ## - INTERNATIONAL STANDARD BOOK NUMBER
International Standard Book Number 9843200467
040 ## - CATALOGING SOURCE
Original cataloging agency BDDh-ASL
Transcribing agency BDDh-ASL
082 ## - DEWEY DECIMAL CLASSIFICATION NUMBER
Classification number 954.92
Item number SOC
245 0# - TITLE STATEMENT
Title Socio-Economic History of Bangladesh:
Remainder of title Essays in Memory of Professor Shafiqur Rahman/
Statement of responsibility, etc. M. Mufakharul Islam
260 ## - PUBLICATION, DISTRIBUTION, ETC.
Place of publication, distribution, etc. Dhaka:
Name of publisher, distributor, etc. Asiatic Society of Bangladesh,
Date of publication, distribution, etc. 2004.
300 ## - PHYSICAL DESCRIPTION
Extent vi, 216 p.:
Dimensions 25 cm.
365 ## - TRADE PRICE
Price type code BDT
Price amount 250
440 ## - SERIES STATEMENT/ADDED ENTRY--TITLE
Title Asiatic Society of Bangladesh publication;
Volume/sequential designation no. 89
9 (RLIN) 312
650 ## - SUBJECT ADDED ENTRY--TOPICAL TERM
Topical term or geographic name entry element Socio-Economics
Geographic subdivision Bangladesh
9 (RLIN) 358
700 1# - ADDED ENTRY--PERSONAL NAME
Personal name Islam, M. Mufakharul
9 (RLIN) 359
942 ## - ADDED ENTRY ELEMENTS (KOHA)
Source of classification or shelving scheme Dewey Decimal Classification
Koha item type Books
Holdings
Withdrawn status Lost status Source of classification or shelving scheme Damaged status Not for loan Collection code Home library Current library Shelving location Date acquired Source of acquisition Serial Enumeration / chronology Total Checkouts Full call number Barcode Date last seen Copy number Price effective from Koha item type
    Dewey Decimal Classification     Non-fiction Asiatic Society Library Asiatic Society Library General Stacks 06/11/2017 ASB Publications ASP-089   954.92 SOC 100460 06/11/2017 C-1 06/11/2017 Books
    Dewey Decimal Classification     Non-fiction Asiatic Society Library Asiatic Society Library General Stacks 06/11/2017 ASB Publications ASP-089   954.92 SOC 100461 06/11/2017 C-2 06/11/2017 Books
    Dewey Decimal Classification     Non-fiction Asiatic Society Library Asiatic Society Library General Stacks 06/11/2017 ASB Publications ASP-089   954.92 SOC 100462 06/11/2017 C-3 06/11/2017 Books
    Dewey Decimal Classification     Non-fiction Asiatic Society Library Asiatic Society Library General Stacks 06/11/2017 ASB Publications ASP-089   954.92 SOC 100463 06/11/2017 C-4 06/11/2017 Books
    Dewey Decimal Classification     Non-fiction Asiatic Society Library Asiatic Society Library General Stacks 06/11/2017 ASB Publications ASP-089   954.92 SOC 100464 06/11/2017 C-5 06/11/2017 Books

Powered by Koha